Вып. 3; Фотоэлектроника

Opis bibliograficzny
Parent link:Фотоэлектроника: республиканский межведомственный научный сборник/ Одесский государственный университет им. И. И. Мечникова (ОГУ). Вып. 3.— , 1986-
Kolejni autorzy: Сердюк В. В. Виктор Васильевич (редактор)
Język:rosyjski
Wydane: 1990
Hasła przedmiotowe:
Format: Książka
KOHA link:https://koha.lib.tpu.ru/cgi-bin/koha/opac-detail.pl?biblionumber=202401

MARC

LEADER 00000nam2a2200000 4500
001 202401
005 20231031185345.0
035 |a (RuTPU)RU\TPU\book\220558 
035 |a RU\TPU\book\220557 
090 |a 202401 
100 |a 20111012d1990 k y0rusy5003 ca 
101 0 |a rus 
102 |a UA 
105 |a a z 001zy 
200 0 |a Вып. 3  |f отв. ред. В. В. Сердюк 
210 |d 1990 
215 |a 142 с.  |c ил. 
320 |a Библиогр. в конце ст. 
461 1 |0 (RuTPU)RU\TPU\book\208838  |t Фотоэлектроника  |o республиканский межведомственный научный сборник  |f Одесский государственный университет им. И. И. Мечникова (ОГУ)  |v Вып. 3  |d 1986- 
610 1 |a фотоэлектроника 
675 |a 621.383  |z rus  |v 3 
702 1 |a Сердюк  |b В. В.  |g Виктор Васильевич  |4 340 
801 0 |a RU  |b RuMRKP  |c 19950417  |g psbo 
801 1 |a RU  |b 63413507  |c 20110206 
801 2 |a RU  |b 63413507  |c 20121219  |g RCR 
942 |c BK